Statistics for Win the Global Electoral College

Click here to take the quiz!

General Stats

  • This quiz has been taken 4,974 times
    (4,973 since last reset)
  • The average score is 951 of 2307

Answers on the Map

Answers color-coded by a green-red scale on the quiz's map according to % correct below.
 

Answer Stats

Electoral VotesName% Correct
32United States
99%
30Brazil
98%
54China
98%
53India
97%
28Russia
97%
27Mexico
96%
21United Kingdom
96%
21France
95%
23Germany
93%
16Canada
90%
18Spain
88%
24Egypt
87%
17Argentina
86%
31Indonesia
86%
27Japan
86%
23Iran
85%
13Niger
84%
30Pakistan
82%
20South Africa
81%
29Nigeria
79%
23Democratic Republic of the Congo
78%
21Italy
78%
23Turkey
78%
13Australia
77%
17Algeria
72%
17Ukraine
72%
15Saudi Arabia
71%
15Peru
69%
24Vietnam
68%
18Colombia
67%
25Ethiopia
67%
21Thailand
67%
16Poland
65%
17Sudan
64%
16Iraq
63%
19South Korea
63%
29Bangladesh
59%
12Chile
58%
9Republic of the Congo
58%
25Philippines
57%
10Sweden
52%
19Myanmar
50%
10Libya
47%
19Kenya
45%
20Tanzania
44%
15Malaysia
43%
12Mali
43%
16Morocco
42%
14Venezuela
42%
12Chad
41%
12Kazakhstan
41%
15Angola
40%
13Afghanistan
39%
9Norway
38%
12Somalia
35%
11Dominican Republic
34%
11Portugal
33%
9Denmark
32%
9Finland
32%
8Mongolia
32%
12Romania
31%
11Bolivia
30%
11Greece
29%
14Yemen
29%
10Laos
27%
9Oman
25%
9Ireland
24%
12Cambodia
23%
14North Korea
23%
12Syria
23%
9Central African Republic
22%
14Mozambique
21%
14Ghana
20%
14Nepal
20%
17Uganda
19%
11Cuba
18%
5Iceland
18%
14Madagascar
18%
12Netherlands
18%
10United Arab Emirates
18%
8Namibia
17%
10Papua New Guinea
17%
13Taiwan
17%
12Ecuador
16%
11South Sudan
16%
10Israel
14%
9Mauritania
14%
11Tunisia
14%
10Austria
13%
10Belarus
13%
14Cameroon
13%
9New Zealand
13%
12Zambia
12%
11Belgium
10%
10Bulgaria
10%
13Sri Lanka
10%
15Uzbekistan
10%
10Jordan
9%
9Panama
9%
10Paraguay
9%
8Uruguay
9%
11Zimbabwe
9%
11Czech Republic
8%
14Ivory Coast
8%
10Switzerland
8%
12Guatemala
7%
11Haiti
7%
10Hungary
7%
12Senegal
7%
6Bhutan
6%
8Botswana
6%
10Serbia
6%
9Singapore
6%
10Togo
6%
7Estonia
5%
11Benin
4%
8Gabon
4%
11Guinea
4%
7Latvia
4%
9Liberia
4%
12Malawi
4%
10Nicaragua
4%
8Qatar
4%
11Rwanda
4%
9Turkmenistan
4%
9Costa Rica
3%
9Croatia
3%
6Guyana
3%
10Honduras
3%
9Kuwait
3%
10Lebanon
3%
8Lithuania
3%
9Slovakia
3%
5Suriname
3%
8Albania
2%
8Armenia
2%
5Bahamas
2%
5Belize
2%
8Bosnia and Herzegovina
2%
12Burkina Faso
2%
11Burundi
2%
3Dominica
2%
10El Salvador
2%
8Eritrea
2%
6Fiji
2%
9Georgia
2%
8Jamaica
2%
10Kyrgyzstan
2%
6Luxembourg
2%
3Monaco
2%
8Slovenia
2%
10Tajikistan
2%
1Vatican City
2%
3Andorra
1%
10Azerbaijan
1%
7Bahrain
1%
4Barbados
1%
5Brunei
1%
6Comoros
1%
7Cyprus
1%
6Djibouti
1%
7East Timor
1%
7Eswatini
1%
8Gambia
1%
7Guinea-Bissau
1%
4Kiribati
1%
7Kosovo
1%
8Lesotho
1%
3Liechtenstein
1%
5Maldives
1%
5Malta
1%
7Mauritius
1%
4Micronesia
1%
9Moldova
1%
6Montenegro
1%
3Nauru
1%
8North Macedonia
1%
3Palau
1%
4Samoa
1%
3San Marino
1%
10Sierra Leone
1%
4Tonga
1%
7Trinidad and Tobago
1%
3Tuvalu
1%
4Vanuatu
1%
3Antigua and Barbuda
0%
5Cabo Verde
0%
7Equatorial Guinea
0%
4Grenada
0%
3Marshall Islands
0%
3Saint Kitts and Nevis
0%
4Saint Lucia
0%
4Saint Vincent and the Grenadines
0%
4Sao Tome and Principe
0%
3Seychelles
0%
6Solomon Islands
0%

Score Distribution

Percentile by Number Answered

Percent of People with Each Score

Your Score History

You have not taken this quiz since the last reset